Div2 2025 Rosters (LoL) - Statistiques

Statistiques générales
  • Ce quiz a été pris 6 fois
  • Le résultat moyen est 14 sur 40
Statistiques - réponses
Player % Correct
KCBS - Adc Hazel
83%
KCBS - Sup Nsurr
83%
KCBS - Top Tao
83%
KCBS - Jgl BAASHH
67%
SKI - Top MAT
67%
ES - Top Potent
67%
KCBS - Mid MathisV
50%
ZER - Mid alix
33%
SKI - Mid Artoria
33%
PQ - Jgl Frost
33%
PQ - Top Gakgos
33%
ES - Adc Harpoon
33%
SKI - Sup Highway
33%
ZER - Top IhY0
33%
LIL - Mid Improver
33%
ZER - Jgl Krimson
33%
PQ - Mid Kuroneel
33%
ES - Sup Leon
33%
VAL - Mid Nafkelah
33%
ZER - Adc nrmn
33%
SKI - Jgl Roshan
33%
ZER - Sup Seal
33%
IZI - Adc Shiganari
33%
LIL - Top Sleyer
33%
VAL - Adc Soldier
33%
VAL - Jgl Spooky
33%
SKI - Adc Xicor
33%
LIL - Adc 13
17%
PQ - Sup Abagnale
17%
PQ - Adc Avarice
17%
ES - Jgl CRoNiiK
17%
LIL - Sup Enjawve
17%
IZI - Jgl Joinze
17%
LIL - Jgl KARIMKT
17%
IZI - Sup Lekcyc
17%
VAL - Top Nille
17%
IZI - Top PatkicaA
17%
IZI - Mid Sayn
17%
VAL - Sup Steelback
17%
ES - Mid xKenzuke
17%
Aucun quiz correspondant
Distribution des résultats
% des personnes avec chaque résultat
Percentile par nombre de réponses
Votre historique - résultats
Vous n’avez pas pris ce quiz